000 01184nam a2200301 a 4500
003 BLK
005 20240418121737.0
007 ta
008 221104b bu |||||r|||| 00| | bu d
020 _a9786068756257
040 _aBLK
041 _aROM
_aBUL
_cDRU
080 _9389967
_aИзточно православие. Източноправославни църкви: българска, руска, гръцка, сръбска, румънска, грузинска, македонска
_b271.2
_z271.2
084 _aC 84
100 _9492248
_aCotoban, Ionel Aurelian
245 _aOrtodoxia fara frontiere
_bPelerin pe ambele maluri ale Dunarii
_cIonel Aurelian Cotoban
260 _9492247
_aBucuresti
_bLumea credintei
_c2018
300 _a172 p.
_bill.
_c20 cm
380 _a2
650 0 _9254146
_aПравославна църква
650 0 _9300819
_aДуховници - в православната църква
651 0 _9241624
_aБългария
651 7 _9179459
_aРумъния
852 _bК
_cК 2/C 84 I
856 _i0.00
_ldisable
942 _cKNG
_n0
944 _a30550
_cКети Илиева
_k30550
_lКети Илиева
999 _c509101
_d509101